Twilight-Membres du Clan des Volturi - Statistiques

Statistiques générales
  • Ce quiz a été pris 246 fois
  • Le résultat moyen est 9 sur 16
Statistiques - réponses
Clan des Volturi % Correct
Aro
99%
Jane
96%
Caius
87%
Alec
86%
Marcus
83%
Félix
65%
Démétri
61%
Heidi
46%
Chelsea
36%
Athenodora
35%
Didyme
35%
Sulpicia
35%
Afton
32%
Renata
32%
Corin
30%
Santiago
29%
Aucun quiz correspondant
Distribution des résultats
% des personnes avec chaque résultat
Percentile par nombre de réponses
Votre historique - résultats
Vous n’avez pas pris ce quiz